[Event "Eastpointe (MI Action/3/2)"]
[Site "?"]
[Date "1994.??.??"]
[Round "?"]
[White "Thompson, Dexter"]
[Black "Skidmore, Mike"]
[Result "1-0"]
[WhiteElo "2225"]
[BlackElo "1945"]
[PlyCount "68"]
[EventDate "1994.??.??"]

{3/(2)} 1. e4 c6 2. d4 d5 3. e5 e6 4. c3 Nd7 5. Nf3 Ne7 6. Bg5 Qc7 7. Bxe7 Bxe7
8. Bd3 c5 9. O-O b6 10. a4 Bb7 11. Na3 a6 12. Nd2 Nb8 13. f4 Nc6 14. Nf3 c4 15.
Bc2 h6 16. f5 exf5 17. Bxf5 Bc8 18. Bc2 Bg4 19. h3 Be6 20. Nb1 Bg5 21. Nbd2
Be3+ 22. Kh1 g5 23. Qe2 Bf4 24. Ng1 Ne7 25. Rf2 Bf5 26. Nf1 Bxc2 27. Qxc2 Ng6
28. g3 O-O-O 29. gxf4 Nxf4 30. Qf5+ Kb8 31. Ne3 Rdg8 32. Raf1 h5 33. Rxf4 gxf4
34. Qxf4 h4 1-0

[Event "Novi (Oct)"]
[Site "?"]
[Date "1994.??.??"]
[Round "?"]
[White "Thompson, Dexter"]
[Black "Skidmore, Mike"]
[Result "1-0"]
[WhiteElo "2215"]
[BlackElo "1900"]
[PlyCount "69"]
[EventDate "1994.??.??"]

1. e4 c6 2. Nc3 d5 3. Nf3 dxe4 4. Nxe4 Bg4 5. Bc4 e6 6. h3 Bxf3 7. Qxf3 Be7 8.
Qg3 g6 9. d3 Nf6 10. Bh6 Nxe4 11. dxe4 Qa5+ 12. c3 Nd7 13. O-O O-O-O 14. b4 Qe5
15. Qe3 Nb6 16. Be2 g5 17. f4 gxf4 18. Bxf4 Qg7 19. a4 e5 20. Bh6 Qg6 21. a5
Rhg8 22. Rf2 Nd7 23. Qxa7 Kc7 24. a6 Rb8 25. Be3 Bh4 26. Raf1 Bxf2+ 27. Rxf2
Qxe4 28. Bf3 Qc4 29. axb7 Qb5 30. Bg4 Rxb7 31. Qa2 Qd5 32. Qxd5 cxd5 33. Rxf7
Kc6 34. Rxh7 Nb6 35. b5+ 1-0

[Event "Eastpointe (EDO/1b/2)"]
[Site "?"]
[Date "1994.??.??"]
[Round "?"]
[White "Thompson, Dexter"]
[Black "Rosenberg, Steve"]
[Result "1-0"]
[WhiteElo "2240"]
[BlackElo "1735"]
[PlyCount "55"]
[EventDate "1994.??.??"]

1. e4 Nf6 2. e5 Nd5 3. d4 d6 4. c4 Nb6 5. f4 dxe5 6. fxe5 c5 7. d5 e6 8. Nc3
exd5 9. cxd5 c4 10. Nf3 Bf5 11. Qd4 Qc8 12. Be3 Na6 13. d6 Be6 14. Be2 g6 15.
Qh4 Qd8 16. Bg5 Qd7 17. Bf6 g5 18. Nxg5 Rg8 19. Qxh7 Rg6 20. Qh8 Rxf6 21. Qxf6
Qd8 22. Nce4 Nd5 23. Qxd8+ Rxd8 24. Bxc4 Nab4 25. a3 Nc2+ 26. Kd2 Nxa1 27. Bxd5
Bxd5 28. Nf6# 1-0

[Event "Eastpointe (EDO/3/2)"]
[Site "?"]
[Date "1994.??.??"]
[Round "?"]
[White "Thompson, Dexter"]
[Black "Rajlich, Vasik"]
[Result "1-0"]
[WhiteElo "2240"]
[BlackElo "2100"]
[PlyCount "81"]
[EventDate "1994.??.??"]

{3/(2)} 1. e4 c5 2. d4 cxd4 3. c3 dxc3 4. Nxc3 Nc6 5. Nf3 e6 6. Bc4 Qc7 7. Qe2
Nf6 8. e5 Ng4 9. Bf4 f6 10. Nd5 Qa5+ 11. Bd2 Qd8 12. exf6 Nxf6 13. Nxf6+ Qxf6
14. Bc3 Bb4 15. Bxb4 Nxb4 16. O-O O-O 17. Qd2 Nc6 18. b4 Qf4 19. Qc3 d5 20. Bd3
Qxb4 21. Qc2 h6 22. Rfe1 Rxf3 23. gxf3 Nd4 24. Bh7+ Kh8 25. Qd3 Bd7 26. Rab1
Qc4 27. Re3 g6 28. Qxg6 Nf5 29. Rxe6 Bxe6 30. Qxe6 Ng7 31. Qxh6 Qxa2 32. Bg6+
Kg8 33. Qh7+ Kf8 34. Qh8+ Ke7 35. Qxg7+ Kd6 36. Qf6+ Kc5 37. Qe7+ Kd4 38. Qe3+
Kc4 39. Bd3+ Kc3 40. Bb5+ Kc2 41. Qd3# 1-0

[Event "Eastpointe (EDO/5/3)"]
[Site "?"]
[Date "1994.??.??"]
[Round "?"]
[White "Thompson, Dexter"]
[Black "Moody, David"]
[Result "0-1"]
[WhiteElo "2240"]
[BlackElo "2000"]
[Annotator "Tim McGrew"]
[PlyCount "58"]
[EventDate "1994.??.??"]

{Here is a beautiful example of Moody's style: tactically rich and brave to
the borders of insanity. When I set out to annotate this game I simply could
not believe that Black's decision to sacrifice both of his rooks in the
opening might actually be analytically sound, but repeated probing of the
resulting positions with Deep Fritz 7 running at gigahertz levels has left me
with the conclusion that White may not be able to do better than draw! In any
event, it is difficult to imagine playing either side in the resulting
positions over the board. Courage and chutzpah carry Moody to victory against
a powerful opponent.} 1. e4 d5 2. exd5 Nf6 3. Bb5+ Bd7 4. Bc4 b5 $5 {This
sharp thrust is sometimes attributed to Bronstein, but like so many opening
ideas it has been around a good deal longer. Emmanuel Lasker used it
successfully in 1901.} 5. Bb3 Bg4 ({Lasker's treatment involves a rapid
avalanche with} 5... a5 {, an idea that has found recent advocates in Sergey
Smagin and Throstur Thorhallsson.}) 6. f3 Bc8 {And so the bishop is back home.
What has it achieved? White's f-pawn is on an awkward square and White hasn't
done much developing himself. But there is still that pawn to recapture, and
Black's b-pawn is sticking out a bit far.} 7. Qe2 Ba6 $5 {Moody seizes the
opportunity to move the game into relatively uncharted waters. This
enterprising move of Mosionzhik's has cropped up a few times in tournament
play since it was introduced in 1962, but it is far more common to defend the
pawn with ....a6.} 8. a4 $6 {Likely not the best reaction, which says
something about the difficulty even a strong master has in coping with Moody's
unusual ideas.} ({White should probably try} 8. Nc3 {since} b4 {can be met by}
9. Ba4+ {as in Riumiantsev-Lomonosov.}) 8... b4 {Now there is no check on a4
so White's queen must dance if he wants to hold onto the extra pawn at d5.} 9.
Qe5 Nbd7 {It is hard to resist the chance to catch a free tempo at the queen's
expense, but White finds a way to discoordinate Black's pieces now.} (9... c6
$5 10. dxc6 Nxc6 11. Qe3 Nd4 {gives Black a very healthy return on the pawn
invested.}) 10. Qd4 Nb6 11. c4 bxc3 12. Nxc3 e6 13. a5 $1 {Thompson regains
his balance and frees the a4 square for a check after all.} Nbxd5 14. Ba4+ Nd7
15. Nxd5 exd5 16. Qxd5 {"With a clear advantage to White," as a commentator
might say. And it may even be true. But even the most assiduous armchair
analyst would be hard-pressed to predict what comes next!} Bd6 17. Bxd7+ Qxd7 {
This move defies conventional punctuation, and I'm sure it shocked Thompson as
much as it did me. Yet careful analysis shows that White cannot take both
rooks without allowing a perpetual check.} (17... Kxd7 {does not involve such
heavy material sacrifices, but after} 18. Qxf7+ Qe7+ 19. Qxe7+ Bxe7 (19... Kxe7
20. d4 Rhe8 21. Kf2 c5 22. dxc5 Bxc5+ 23. Be3 Bxe3+ 24. Kxe3 Rab8 25. Kf2 Rxb2+
26. Kg3 Kf6 27. h4 {+/=/~~}) 20. Nh3 (20. d4 $2 Rhe8 21. Kf2 c5 {gives Black
sufficient play for the pawns.}) 20... Rhe8 21. Kd1 {it seems unlikely that
Black's piece activity fully compensates for White's two pawn advantage.}) 18.
Qxa8+ {In for a penny, in for a pound!} ({It is hard to pull back now:} 18.
Qe4+ Qe7 19. Qxe7+ Bxe7 20. d4 O-O-O 21. Be3 Rhe8 {and White is in some
difficulties for which a single pawn seems insufficient consolation.}) 18...
Ke7 19. Qe4+ {Thompson decides that one Rook is enough, and it is time for
White to consolidate.} ({Accepting the second rook with} 19. Qxh8 {allows
Black to weave a perpetual with the queen and bishops:} Qe6+ 20. Kf2 Bc5+ 21.
d4 Bxd4+ 22. Kg3 Qg6+ 23. Kh3 Qh5+ 24. Kg3 Qg6+ $11) 19... Kd8 (19... Kd8 20.
-- {Naturally Moody threatens} Re8) 20. Qa8+ (20. Kf2 Re8 21. Qh4+ (21. Qa8+ $2
Ke7 $1 22. Qxa7 Qb5 23. Qe3+ Kd7 $19 {is not survivable for White.}) 21... Be7
{leaves White unable to make threats with his queen, and this spells trouble
for him:} 22. Qg4 (22. Qh5 Qd4+ 23. Kg3 g6 24. Qg4 (24. Qh6 Qe5+ 25. Kh3 Bg5
26. Qxh7 Rh8 27. Qxh8+ Qxh8+ 28. Kg4 Qh4#) 24... Qe5+ 25. Kh3 Bc8 $19) (22.
Qxh7 Qd4+ {and Black is winning, e.g.} 23. Kg3 Bd3 24. Qh5 Bg6 25. Qb5 Qh4#)
22... f5 23. Qa4 Qd3 24. Nh3 Bc4 {and White has nothing better than 25.Qxe8+
Kxe8 -/+ since} 25. Nf4 Bh4+ 26. g3 Re2+ {mates.}) 20... Ke7 {There's the
second repetition. Will White call a truce here?} 21. Qxa7 {White may even be
able to get away with this bit of petty larceny, but the coefficient of RTC --
the random tactical cheapo -- is rising sharply.} Qb5 {I do not believe David
even blushed as he played this move.} 22. Qf2 {It seems natural to defend in
this way against mate at f1, adding the queen's support to e2 so that the
knight at g1 can be developed. But after this move I cannot find a
satisfactory defense for White.} ({Here I thought at first that White could
save himself with} 22. d3 {since Black cannot take the pawn without allowing a
fatal exchange of queens. But a deep analytical exploration indicates that
White's problems are not over even here and that he must still play carefully
to draw.} Bb4+ 23. Bd2 (23. Kf1 Qxd3+ 24. Kf2) 23... Bxd2+ 24. Kf2 $1 (24. Kxd2
Qxd3+ 25. Kc1) 24... Re8 25. Qxc7+ Kf8 26. Qd6+ Kg8 27. Nh3 Be3+ 28. Kg3 (28.
Kf1 $2 Bc5 $19) 28... Bc8 {Now Black thr eatens 29...Bxh3 and it is not clear
how White should react to the threat.} (28... Bc5 29. Qf4 Re6 30. Ng5 Rf6 {is
also interesting and probably leads to a draw. In all of these lines Black has
an amazing ability to keep watch over the crucial squares on his back rank
while bringing the rook up and into the attack.}) 29. d4 (29. Rhe1 Bxh3 $1 30.
Rxe3 (30. Kxh3 Qh5+ {is a simple perpetual.}) 30... Qg5+ 31. Kxh3 Qh5+ 32. Kg3
Qg5+ 33. Kf2 Qxe3+ {and White must acquiesce in the perpetual since} 34. Kf1
Qe2+ 35. Kg1 Qe3+ 36. Kh1 $4 {falls into} Qe1+ 37. Rxe1 Rxe1#) (29. a6 Bxh3 {
and Black gets the perpetual at g5 and h5. Again White should not try to avoid
this outcome since, e.g.,} 30. f4 $2 {allows} Bf2+ $1 31. Kxf2 (31. Kxh3 Qh5#)
31... Qxb2+ 32. Kg3 Qxg2+ 33. Kh4 Qg4#) 29... Qh5 {Black is threatening to
weave a mating net with ...g5 and ...Qh4#, so White needs to establish some
control over his own fourth rank. This is easier to say than to do: the
position abounds in amazing mates.} 30. Ra4 {(30.d5 Bxh3 31.Ra4 comes to the
same thing.)} ({White has no time to create threats of his own with} 30. Qc6 {
since} f5 {actually helps Black to weave the net around White's king, e.g.} 31.
Nf4 (31. Qc4+ Kh8 32. d5 f4+ 33. Nxf4 Qg5#) 31... Bxf4+ 32. Kf2 (32. Kxf4 Qh4+
33. g4 g5#) 32... Be3+ 33. Kf1 Qf7 {Now White has no checks and Black only
needs to get his light-square bishop onto the a6-f1 diagonal to win.} 34. b3 {
This takes away the c4 square, at least for the moment.} (34. a6 {Just pushing
the pawn is insufficient. White doesn't get to the back rank in time.} Be6 35.
a7 Bc4+ 36. Ke1 Bf4+ 37. Kf2 (37. Kd1 Bb3+ 38. Qc2 Qc4 39. a8=Q Qxc2#) 37...
Re2+ 38. Kg1 (38. Kf1 Rxb2+ 39. Ke1 Qe7+ 40. Qe4 Qb4+ 41. Kd1 Qd2#) 38... Be3+
39. Kf1 Rxb2+ 40. Ke1 Bd2+ 41. Kd1 Bb3+ 42. Ke2 Bc3+ 43. Kd3 Bc2+ 44. Kxc3 Qb3+
45. Kd2 Be4+ 46. Kc1 Rc2+ 47. Kd1 Qd3+ 48. Ke1 Qe2#) 34... Bd7 {Black breaks
the queen's surveillance of the rook at e8. This frees up Black's queen, so
White must now scramble frantically to cover all of the possible checking
squares.} 35. Qb7 (35. Qc4 Be6 36. d5 Bxd5 37. Qh4 Qb7 {and the queen enters
the attack with decisive effect.}) 35... f4 $1 {Now f5 pro vides a pivot for
reaching the hot diagonal. Black threatens ...Qf5-d3+.} 36. Re1 Qf5 37. g4 fxg3
38. hxg3 Qd3+ 39. Re2 (39. Kg2 Qd2+ 40. Re2 Qxe2#) 39... Bg5 $19) 30... Bxh3
31. d5 ({There is no time for} 31. gxh3 $4 Qg5#) 31... f5 {and White may be
getting the worst of it, e.g.} 32. Rf1 f4+ 33. Rxf4 Qg5+ 34. Rg4 Bxg4 35. fxg4
Bd4 36. Qc6 Qe5+ 37. Kh3 h5 38. g5 Bg1 $3 39. Rf4 (39. Rxg1 Qf5+ 40. g4 Re3+
41. Rg3 Qxg4+ 42. Kg2 Qe4+ 43. Kh3 Qf5+ 44. Kg2 Re2+ 45. Kh1 Re1+ 46. Kg2 Qf1#)
39... Bxh2 40. Rf3 Bg1 41. Rf4 Be3 42. Rf3 Bxg5 43. Qg6 Bh6 44. Qf7+ Kh8 45. a6
Qe1 $19) 22... Kd7 $1 (22... Kd7 23. -- {Now Black threatens mate in five
beginning with} Re8+) 23. Ne2 (23. d4 Re8+ 24. Kd1 Qd3+ 25. Bd2 Bc4 $19) 23...
Re8 $1 24. d3 Bb4+ 25. Kf1 Qxd3 26. Be3 Rxe3 27. Qg3 Qxe2+ 28. Kg1 Bc5 29. b4
Qe1+ 0-1

[Event "Eastpointe (MI Action/1/3)"]
[Site "?"]
[Date "1994.??.??"]
[Round "?"]
[White "Thompson, Dexter"]
[Black "Mailing, Don"]
[Result "1-0"]
[WhiteElo "2225"]
[BlackElo "1605"]
[PlyCount "74"]
[EventDate "1994.??.??"]

{1/(3)} 1. e4 e6 2. d4 d5 3. e5 c5 4. c3 cxd4 5. cxd4 Nc6 6. Nf3 Bb4+ 7. Bd2
Bxd2+ 8. Qxd2 Nge7 9. Bd3 O-O 10. O-O Nf5 11. Bxf5 exf5 12. Nc3 Be6 13. Rac1 a6
14. Na4 Nb8 15. a3 Nd7 16. b4 b5 17. Nc5 Nb6 18. Rc3 Nc4 19. Qg5 h6 20. Qh5 Qe7
21. Nh4 a5 22. Nxf5 Bxf5 23. Qxf5 axb4 24. axb4 Ra3 25. Rg3 Rxg3 26. hxg3 Qg5
27. Qd7 Qd2 28. Qxd5 Qxb4 29. e6 Nb6 30. exf7+ Rxf7 31. Qd8+ Rf8 32. Qxb6 Qxd4
33. Qxb5 Qd6 34. Qb3+ Kh8 35. Nd3 Rb8 36. Qc4 Rd8 37. Nf4 Re8 1-0

[Event "Detroit (MI Op/3/15)"]
[Site "?"]
[Date "1994.??.??"]
[Round "?"]
[White "Thompson, Dexter"]
[Black "LaForge, Tom"]
[Result "1-0"]
[WhiteElo "2240"]
[BlackElo "1950"]
[PlyCount "69"]
[EventDate "1994.??.??"]

{3/(15)} 1. e4 e6 2. d4 d5 3. e5 c5 4. c3 Nc6 5. Nf3 Bd7 6. a3 c4 7. g3 Nge7 8.
Bg5 Qc7 9. Bg2 b5 10. O-O Ng6 11. h4 h6 12. Be3 Be7 13. Nbd2 a5 14. b3 a4 15.
bxc4 bxc4 16. Ne1 Na5 17. Nc2 O-O 18. f4 f5 19. exf6 Bxf6 20. f5 Ne7 21. fxe6
Bxe6 22. Bf4 Qc8 23. Nb4 Nb3 24. Ra2 Ra7 25. Nf3 Ng6 26. Ne5 Bxe5 27. dxe5 Rd7
28. Raf2 Qc5 29. Kh2 d4 30. Qh5 Nxf4 31. Rxf4 Rff7 32. Qg6 Qe7 33. Nc6 Qe8 34.
Be4 Kf8 35. Qh7 1-0

[Event "Detroit (MI Op/7/4)"]
[Site "?"]
[Date "1994.??.??"]
[Round "?"]
[White "Thompson, Dexter"]
[Black "Kebrdle, M."]
[Result "0-1"]
[WhiteElo "2240"]
[BlackElo "2060"]
[PlyCount "145"]
[EventDate "1994.??.??"]

{7/(4)} 1. e4 c6 2. d4 d5 3. Nc3 dxe4 4. f3 exf3 5. Nxf3 Nf6 6. Bc4 Bf5 7. O-O
e6 8. Ne5 Bg6 9. Bg5 Be7 10. Kh1 Nbd7 11. Qf3 Nxe5 12. dxe5 Nd5 13. Bd3 O-O 14.
Bxe7 Qxe7 15. Ne4 f6 16. Qg3 Bxe4 17. Bxe4 f5 18. Bd3 Nb4 19. Bc4 Nxc2 20. Rac1
Nb4 21. Qa3 Rfe8 22. Rxf5 Nd5 23. Rf3 Qxa3 24. Rxa3 Rf8 25. Kg1 a6 26. Rb3 b5
27. Bxd5 exd5 28. Rbc3 Rae8 29. Rxc6 Rxe5 30. Rxa6 Re2 31. b3 h6 32. Rf1 Rc8
33. h4 Rcc2 34. Rg6 Rxa2 35. Rf5 Rad2 36. h5 Re7 37. Rb6 Re1+ 38. Kh2 Ree2 39.
Rg6 Re7 40. Kh3 Rf7 41. Re5 Rd3+ 42. Rg3 Rxg3+ 43. Kxg3 Rd7 44. Kf3 Rc7 45. Re3
Kf7 46. Kf4 Kf6 47. Rg3 d4 48. Rg6+ Kf7 49. Rd6 Rc3 50. Kf5 Rxb3 51. Rd7+ Kf8
52. g4 Rf3+ 53. Ke4 Rg3 54. Kf4 Rd3 55. Rb7 Rb3 56. Kf5 Rb1 57. Rd7 Rf1+ 58.
Ke4 Rd1 59. Rb7 Rg1 60. Kf5 d3 61. Rd7 Rd1 62. Ke4 b4 63. Rd4 b3 64. Rb4 d2 65.
Kd3 b2 66. Rxb2 Rg1 67. Rxd2 Rxg4 68. Rf2+ Ke7 69. Ke3 Ke6 70. Ra2 Kf6 71. Kf3
Kg5 72. Rh2 Rh4 73. Rg2+ 0-1

[Event "Detroit (MI Op/5/6)"]
[Site "?"]
[Date "1994.??.??"]
[Round "?"]
[White "Thompson, Dexter"]
[Black "Hankinson, Chris"]
[Result "1-0"]
[WhiteElo "2240"]
[BlackElo "2145"]
[PlyCount "129"]
[EventDate "1994.??.??"]

{5/(6)} 1. e4 d5 2. exd5 Qxd5 3. Nc3 Qa5 4. d4 c6 5. Bc4 Nf6 6. Nf3 Bg4 7. Bd2
Qc7 8. h3 Bxf3 9. Qxf3 e6 10. O-O Bd6 11. Rfe1 O-O 12. Bg5 Nbd7 13. Ne4 Be7 14.
Bf4 Qa5 15. Nd6 Qb4 16. c3 Qb6 17. Bd3 Bxd6 18. Bxd6 Rfe8 19. Re2 Rac8 20. b4
Qd8 21. a4 Nf8 22. Qg3 Ng6 23. b5 Nh5 24. Qh2 Qg5 25. Re3 cxb5 26. h4 Qh6 27.
g4 Nhf4 28. g5 Qh5 29. Bxf4 Qg4+ 30. Bg3 Rxc3 31. Be2 Qxd4 32. Rd1 Qb4 33. Rxc3
Qxc3 34. Bxb5 Qc2 35. Re1 Rd8 36. Qg2 a6 37. Be2 Qxa4 38. Qxb7 Nxh4 39. Rc1 Nf5
40. Bc7 Rf8 41. Bxa6 Qg4+ 42. Qg2 Qxg2+ 43. Kxg2 h6 44. f4 hxg5 45. fxg5 f6 46.
Re1 fxg5 47. Bc4 Kh7 48. Bxe6 Nh4+ 49. Kg3 Kg6 50. Bd5 Nf5+ 51. Kg4 Nh6+ 52.
Kh3 Kh5 53. Rh1 g4+ 54. Kg3+ Kg5 55. Re1 Nf5+ 56. Kh2 Rh8+ 57. Kg1 Rc8 58. Rc1
Re8 59. Bc6 Re2 60. Bd8+ Kf4 61. Rf1+ Ke5 62. Bc7+ Ke6 63. Bb5 Rc2 64. Re1+ Kf7
65. Be8+ 1-0

[Event "Trenton (Oct)"]
[Site "?"]
[Date "1994.??.??"]
[Round "?"]
[White "Thompson, Dexter"]
[Black "Foord, Allan"]
[Result "1-0"]
[WhiteElo "2215"]
[BlackElo "1620"]
[PlyCount "45"]
[EventDate "1994.??.??"]

1. e4 c5 2. d4 cxd4 3. c3 dxc3 4. Nxc3 Nc6 5. Nf3 a6 6. Bc4 e6 7. O-O Bb4 8. e5
Bxc3 9. bxc3 Qc7 10. Qe2 Nge7 11. Ba3 O-O 12. Bd3 h6 13. Qe4 g6 14. Qh4 Kg7 15.
Bxe7 Nxe7 16. Qxe7 Qxc3 17. Bxg6 Kxg6 18. Qxf8 b5 19. Rac1 Qxc1 20. Rxc1 Bb7
21. Nh4+ Kh5 22. Qxf7+ Kxh4 23. Rc3 1-0

[Event "Eastpointe (MI Action/5/2)"]
[Site "?"]
[Date "1994.??.??"]
[Round "?"]
[White "Thompson, Dexter"]
[Black "Finegold, Mark"]
[Result "1-0"]
[WhiteElo "2225"]
[BlackElo "2255"]
[PlyCount "45"]
[EventDate "1994.??.??"]

{5/(2)} 1. e4 e5 2. d4 exd4 3. c3 dxc3 4. Nxc3 Nc6 5. Nf3 Bb4 6. Bc4 d6 7. O-O
Bxc3 8. bxc3 Nf6 9. e5 Nxe5 10. Nxe5 dxe5 11. Qb3 Qe7 12. Ba3 c5 13. Bb5+ Bd7
14. Bxd7+ Qxd7 15. Bxc5 Ne4 16. Ba3 Nd2 17. Qb4 Nxf1 18. Rd1 a5 19. Qc5 Rc8 20.
Qxe5+ Qe6 21. Qxg7 Nd2 22. Qxh8+ Kd7 23. Qd4+ 1-0

[Event "Eastpointe (MI Action/6/1)"]
[Site "?"]
[Date "1994.??.??"]
[Round "?"]
[White "Thompson, Dexter"]
[Black "Finegold, Ben"]
[Result "0-1"]
[WhiteElo "2225"]
[BlackElo "2590"]
[PlyCount "89"]
[EventDate "1994.??.??"]

{6/(1)} 1. e4 c5 2. c3 d5 3. exd5 Qxd5 4. d4 Nf6 5. Nf3 Bg4 6. Be2 e6 7. Na3
cxd4 8. Nb5 Qd8 9. Qxd4 a6 10. Qxd8+ Kxd8 11. Nbd4 Nbd7 12. Bf4 Bc5 13. Rd1 Ke7
14. O-O Rhd8 15. Nb3 Bb6 16. Bd6+ Ke8 17. h3 Bh5 18. a4 Ne4 19. Bh2 Ndc5 20.
Nxc5 Bxc5 21. g4 Bg6 22. Ne5 Rxd1 23. Bxd1 Rd8 24. Nxg6 hxg6 25. Kg2 Rd2 26. b4
Bxf2 27. Bf4 Be3+ 28. Kf3 Bxf4 29. Kxe4 Bg5 30. Bb3 Ke7 31. Rd1 Re2+ 32. Kd4
Bf6+ 33. Kc4 Re3 34. Rc1 Rxh3 35. b5 Kd6 36. Rd1+ Kc7 37. Rd3 axb5+ 38. axb5
Rh6 39. Bd1 b6 40. Kb3 Be7 41. c4 e5 42. Bf3 Rh3 43. Kc2 f5 44. gxf5 gxf5 45.
Bd5 0-1

[Event "Detroit (MI Op/1b/15)"]
[Site "?"]
[Date "1994.??.??"]
[Round "?"]
[White "Thompson, Dexter"]
[Black "Clark, K."]
[Result "0-1"]
[WhiteElo "2240"]
[BlackElo "2035"]
[PlyCount "108"]
[EventDate "1994.??.??"]

1. e4 e5 2. Nf3 Nf6 3. Nc3 Bb4 4. Bc4 O-O 5. O-O Nc6 6. d3 h6 7. Nd5 Ba5 8. c3
d6 9. b4 Bb6 10. a4 a6 11. Nxb6 cxb6 12. h3 Qc7 13. Be3 Bd7 14. Nh4 Ne7 15. Qd2
d5 16. exd5 Nfxd5 17. Bxh6 gxh6 18. Qxh6 Qc6 19. Qg5+ Kh7 20. Qxe5 b5 21. Ba2
Rae8 22. axb5 axb5 23. Rac1 f5 24. Nf3 Nf6 25. Nd4 Qa6 26. Be6 Ng6 27. Qc7 Rc8
28. Qa5 Bxe6 29. Qxa6 bxa6 30. Nxe6 Rfe8 31. Rfe1 Rc6 32. Nc5 Nf4 33. Rxe8 Nxe8
34. Re1 Nc7 35. Kh2 a5 36. Re5 a4 37. Rxf5 Nfd5 38. c4 a3 39. Nb3 bxc4 40. dxc4
Rxc4 41. b5 Rb4 42. Rf3 Nxb5 43. Na1 Rb1 44. Rb3 Rxa1 45. Rxb5 Nc3 46. Rb7+ Kg6
47. Rb6+ Kg5 48. h4+ Kxh4 49. Ra6 a2 50. Ra5 Rb1 51. f3 Rb5 52. Ra3 Kg5 53. Kg3
Rb1 54. f4+ Kf5 0-1

[Event "Romulus (RVO/5/2)"]
[Site "?"]
[Date "1994.??.??"]
[Round "?"]
[White "Thompson, Dexter"]
[Black "Calton, David A"]
[Result "0-1"]
[WhiteElo "2215"]
[BlackElo "1765"]
[PlyCount "102"]
[EventDate "1994.??.??"]

{5/(2)} 1. e4 e5 2. Nf3 Nf6 3. Bc4 Nc6 4. d4 Nxd4 5. Nxd4 exd4 6. Qxd4 d6 7.
Nc3 Be7 8. Bf4 O-O 9. O-O-O Bd7 10. f3 Bc6 11. g4 Nd7 12. Qe3 h6 13. h4 Bxh4
14. Kb1 Bg5 15. Bxg5 Qxg5 16. f4 Qg6 17. g5 Rfe8 18. Bd5 Bxd5 19. Nxd5 Rxe4 20.
Qc3 Nb6 21. Nf6+ gxf6 22. gxh6 Rc4 23. Qe3 Qxc2+ 24. Ka1 Na4 25. Qg3+ Kf8 26.
Qg7+ Ke8 27. Rhe1+ Kd7 28. Qxf7+ Kc6 29. Rb1 Nc5 30. Re7 Ra4 31. Re3 Qc4 32.
Qxc4 Rxc4 33. Re7 Rxf4 34. Rh1 Rh8 35. h7 Rg4 36. Kb1 Rg2 37. Rf7 Nd3 38. b3
Kb6 39. Rxf6 Rg7 40. Rfh6 Ne5 41. R6h4 a5 42. b4 axb4 43. Rxb4+ Kc5 44. Rxb7
Rhxh7 45. Rc1+ Kd5 46. a4 c6 47. Rd1+ Ke6 48. Rb3 Rb7 49. Kb2 Nc4+ 50. Kc3 Rh3+
51. Kxc4 Rhxb3 0-1

[Event "Detroit (MEX/3/6)"]
[Site "?"]
[Date "1994.??.??"]
[Round "?"]
[White "Thompson, Dexter"]
[Black "Calton, Bill"]
[Result "0-1"]
[WhiteElo "2235"]
[BlackElo "2110"]
[PlyCount "72"]
[EventDate "1994.??.??"]

{3/(6)} 1. e4 c6 2. d4 d5 3. Nc3 dxe4 4. Nxe4 Nf6 5. Nxf6+ gxf6 6. Nf3 Bf5 7.
Bd3 Nd7 8. O-O Bg4 9. Be2 Qc7 10. h3 Bh5 11. d5 c5 12. Nh4 Bg6 13. Be3 O-O-O
14. c4 e6 15. Rc1 Be7 16. f4 f5 17. Nf3 Bd6 18. Ne1 Rde8 19. Qd2 Nf6 20. Bf3
Bh5 21. Qc3 Bxf3 22. Qxf6 Be4 23. b4 Rhg8 24. Rf2 Rg6 25. Qb2 Reg8 26. Qa3 Rg3
27. bxc5 Bxf4 28. Bxf4 Rxa3 29. Bxc7 Kxc7 30. Rd2 Rxh3 31. d6+ Kd7 32. Rcd1 Rc3
33. Rd4 e5 34. Rd5 Bxd5 35. Rxd5 f6 36. Nf3 Rxf3 0-1

[Event "Grand Rapids (MI Am/1/38)"]
[Site "?"]
[Date "1994.??.??"]
[Round "?"]
[White "Thompkins, I."]
[Black "Waite, Lawrence"]
[Result "1-0"]
[WhiteElo "1605"]
[BlackElo "1605"]
[PlyCount "47"]
[EventDate "1994.??.??"]

{1/(38)} 1. d4 Nf6 2. Bf4 g6 3. Nc3 Bg7 4. e4 d6 5. Be2 O-O 6. h3 Nc6 7. g4 Nd7
8. h4 Nxd4 9. Qd2 c5 10. Bh6 Nxc2+ 11. Qxc2 Bxh6 12. g5 Bg7 13. h5 Bd4 14. Bc4
Kh8 15. Nf3 e5 16. O-O-O Nb6 17. Rh2 Nxc4 18. Rdh1 Qb6 19. Nxd4 cxd4 20. Nd5
Bg4 21. hxg6 Qxb2+ 22. Qxb2 Nxb2 23. Rxh7+ Kg8 24. Nf6# 1-0